The rise and fall of human rights in planning (Record no. 74036)

MARC details
000 -LEADER
fixed length control field 01943cab a2200265 4500
001 - CONTROL NUMBER
control field ABS67359
008 - FIXED-LENGTH DATA ELEMENTS--GENERAL INFORMATION
fixed length control field 040107n2003 000 0 eng u
035 ## - SYSTEM CONTROL NUMBER
System control number (Sirsi) u124747
100 ## - MAIN ENTRY--PERSONAL NAME
Personal name Pritchard, B.
245 #4 - TITLE STATEMENT
Title The rise and fall of human rights in planning
260 ## - PUBLICATION, DISTRIBUTION, ETC.
Date of publication, distribution, etc. 2003
490 ## - SERIES STATEMENT
Series statement Town & Country Planning
Volume/sequential designation 72(10) November 2003, 306(1)
520 ## - SUMMARY, ETC.
Summary, etc. Discusses the "Alconbury" case which questioned the validity of a planning system that appeared to be in contravention of the Convention for the Protection of Human Rights and Fundamental Freedoms Art 6. In the event, the HL ([2001] UKHL 23, Abs64296) concluded that the system was fair and was within the requirements of Art 6. This article examines subsequent case law where the planning system adheres to the principle of Art 6. "Bovis Homes v New Forest DC"; "Alfred McAlpine Developments Ltd v SoS Environment" ([2002] EWHC 483 (Admin), unreported), where a local plan system was pronounced as Art 6 compliant and "Hatton and others v United Kingdom" (ECHR, [2003] All ER (D)122 (Jul) where there was a perceived violation of Art 8 and subsequently Art 13. Only the violation of Art 13 was subsequently upheld. The article concludes that the Human Rights Act 1998 has not had the revolutionary effect that was initially suggested.
590 ## - LOCAL NOTE (RLIN)
Local note ABS
650 ## - SUBJECT ADDED ENTRY--TOPICAL TERM
Topical term or geographic name entry element BOVIS HOMES V NEW FOREST DC
650 ## - SUBJECT ADDED ENTRY--TOPICAL TERM
Topical term or geographic name entry element ALFRED MCALPINE DEVELOPMENTS LTD V SOS ENVIRONMENT
650 ## - SUBJECT ADDED ENTRY--TOPICAL TERM
Topical term or geographic name entry element R V SOS ENVIRONMENT EX P ALCONBURY DEVELOPMENTS
650 ## - SUBJECT ADDED ENTRY--TOPICAL TERM
Topical term or geographic name entry element HUMAN RIGHTS ACT 1998
650 ## - SUBJECT ADDED ENTRY--TOPICAL TERM
Topical term or geographic name entry element HATTON V UNITED KINGDOM
650 ## - SUBJECT ADDED ENTRY--TOPICAL TERM
Topical term or geographic name entry element CONVENTION FOR THE PROTECTION OF HUMAN RIGHTS AND FUNDAMENTAL FREEDOMS ART 6
650 ## - SUBJECT ADDED ENTRY--TOPICAL TERM
Topical term or geographic name entry element CONVENTION FOR THE PROTECTION OF HUMAN RIGHTS AND FUNDAMENTAL FREEDOMS ART 14
650 ## - SUBJECT ADDED ENTRY--TOPICAL TERM
Topical term or geographic name entry element CONVENTION FOR THE PROTECTION OF HUMAN RIGHTS AND FUNDAMENTAL FREEDOMS ART 8
690 ## - LOCAL SUBJECT ADDED ENTRY--TOPICAL TERM (OCLC, RLIN)
Topical term or geographic name as entry element ENVIRONMENTAL AND LAND CONSULTANCY-PLANNING AND DEVELOPMENT
942 ## - ADDED ENTRY ELEMENTS (KOHA)
Suppress in OPAC 0
Holdings
Withdrawn status Lost status Source of classification or shelving scheme Damaged status Not for loan Home library Current library Shelving location Date acquired Total Checkouts Full call number Barcode Date last seen Copy number Price effective from Koha item type
    Dewey Decimal Classification     London London Journal article 07/01/2004   ABS67359 124747-2001 06/08/2019 1 06/08/2019 Journal article